| 000 | 00907nam a2200229Ia 4500 | ||
|---|---|---|---|
| 005 | 20241129111150.0 | ||
| 008 | 241129s9999||||xx |||||||||||||| ||und|| | ||
| 020 | _a978-93-82333-33-3 | ||
| 037 | _aTB | ||
| 040 |
_aCRL _bhin _cCRL |
||
| 041 |
_ahin _2hin |
||
| 084 |
_aO15,1D40,1:g 152R3 _qCRL |
||
| 100 |
_aविद्यालंकार, पुष्पा यादव, ले. _9723500 |
||
| 245 | 0 |
_aरघुवंश महाकाव्यम्: त्रयोदशः सर्गः _cविद्यालंकार, पुष्पा यादव, ले. |
|
| 250 | _aद्वितीय संस्करण | ||
| 260 |
_aकानपुर, भारत _bसाहित्य निलय _c2023 |
||
| 300 | _a110पृ0 | ||
| 365 |
_aINR _b500 |
||
| 650 | _aSanskrit LiteraturePoetry | ||
| 942 |
_cTB _hO15,1D40,1:g 152R3 |
||
| 999 |
_c1229217 _d1229217 |
||